| 000 | 01221cam a22002651i 4500 | ||
|---|---|---|---|
| 003 | SA-RiAUC | ||
| 005 | 20260210124131.0 | ||
| 008 | 260208s2007____su g 000 0 ara c | ||
| 040 |
_aSA-JeALM _bara _cSA-RiAUC _erda |
||
| 043 | _aa-su--- | ||
| 050 | 4 | _bS86 2007 | |
| 082 | 0 | 4 |
_a361.00953122 _qSA-RiAUC |
| 090 |
_a361.00953122 _bس ن ي |
||
| 100 | 1 |
_aالسنيدي، عبد الله بن راشد _eمؤلف. |
|
| 245 | 1 | 2 |
_aالرعاية الاجتماعية وأثرها على الحياة العامة في المدينة خلال العصر المملوكي / _cعبد العزيز بن راشد السنيدي. |
| 264 | 1 |
_aالرياض : _bالجمعية التاريخية السعودية، _c2007 |
|
| 300 |
_a111 صفحة ؛ _c24 سم |
||
| 336 |
_aنص _btxt _2rdacontent _3كتاب |
||
| 337 |
_aبدون وسيط _bn _2rdamedia |
||
| 490 |
_aبحوث تاريخية _v22 |
||
| 650 | 7 |
_aالخدمة الاجتماعية _zالمدينة المنورة _yالعصر المملوكي، 648-922 هجري _2aucsh |
|
| 651 | 7 |
_aالمدينة المنورة _xتاريخ _yالعصر المملوكي، 648-922 هجري _2aucsh |
|
| 942 |
_2ddc _cBOOK _n0 |
||
| 949 |
_aSA-JeALM _d260208 _uosman123 _n1 |
||
| 999 |
_c14274 _d14274 |
||